[Event "XVI Festival Conca della Presolana A"]
[Site "Bratto - Castione della Presolana ITA"]
[Date "1996.08.27"]
[Round "6"]
[White "Castaldo, Folco"]
[Black "Lagrotteria, Salvatore"]
[Result "0-1"]
[WhiteElo "1987"]
[BlackElo "2165"]
[PlyCount "72"]
[EventDate "1996.08.22"]

1. e4 c5 2. c3 e6 3. d4 d5 4. exd5 exd5 5. Nf3 Nc6 6. Bb5 Bd6 7. O-O Nge7 8.
dxc5 Bxc5 9. Nbd2 O-O 10. Nb3 Bb6 11. Bg5 f6 12. Bc1 Bg4 13. Be2 Qd6 14. Nfd4
Bxe2 15. Nxe2 Rad8 16. Nbd4 Qd7 17. Be3 Ng6 18. Re1 Rfe8 19. Qc2 Nce5 20. Nf5
Bc7 21. Neg3 Bb8 22. Rad1 Kh8 23. Re2 Nc4 24. b3 Nxe3 25. Nxe3 Nf4 26. Red2 Be5
27. Nef5 g6 28. Nd4 Rc8 29. Nge2 Qc7 30. g3 Bxd4 31. Nxd4 Nh3+ 32. Kg2 Ng5 33.
Nb5 Qd7 34. Nd4 Qh3+ 35. Kh1 Re4 36. Re2 Rxd4 0-1

[Event "XVI Festival Conca della Presolana A"]
[Site "Bratto - Castione della Presolana ITA"]
[Date "1996.08.27"]
[Round "6"]
[White "Ceresoli, Luigi"]
[Black "Gandolfo, Marco"]
[Result "1/2-1/2"]
[WhiteElo "2087"]
[BlackElo "1973"]
[PlyCount "80"]
[EventDate "1996.08.22"]

1. e4 g6 2. d4 Bg7 3. Nc3 c6 4. Nf3 d5 5. h3 dxe4 6. Nxe4 Nf6 7. Nxf6+ exf6 8.
Bc4 Qe7+ 9. Be2 O-O 10. O-O Be6 11. Bf4 Na6 12. Qd2 Nc7 13. c4 Rfd8 14. Rad1
Rd7 15. Rfe1 Qf8 16. Qa5 Qd8 17. Bf1 b6 18. Qc3 Ne8 19. b3 Bf8 20. Bc1 Qc7 21.
Bb2 Bg7 22. Qc1 Rad8 23. g3 Qc8 24. Bg2 Qc7 25. Kh2 h6 26. Nh4 g5 27. Nf3 Bf5
28. Re2 Be6 29. Red2 Bf5 30. Re1 Be6 31. Rde2 Nd6 32. Bf1 Nf5 33. Rc2 Qb8 34.
Rd2 Ne7 35. Bd3 Nf5 36. Bb1 Nh4 37. Nxh4 gxh4 38. Qc2 hxg3+ 39. fxg3 f5 40.
Red1 Qc7 1/2-1/2

[Event "XVI Festival Conca della Presolana A"]
[Site "Bratto - Castione della Presolana ITA"]
[Date "1996.08.27"]
[Round "6"]
[White "Cugini, Verter"]
[Black "Ortega, Lexy"]
[Result "0-1"]
[WhiteElo "2255"]
[BlackElo "2495"]
[PlyCount "48"]
[EventDate "1996.08.22"]

1. e4 c5 2. g3 Nc6 3. Bg2 g6 4. Ne2 Bg7 5. O-O d6 6. c3 e5 7. d3 Nge7 8. Be3
O-O 9. Nd2 b6 10. Nf3 d5 11. Qd2 dxe4 12. dxe4 Ba6 13. Qxd8 Raxd8 14. Rfe1 h6
15. Bf1 Bd3 16. Nd2 f5 17. f3 f4 18. gxf4 Bxe2 19. Rxe2 exf4 20. Bf2 Ne5 21.
Kg2 g5 22. Rc1 N7g6 23. b4 g4 24. bxc5 gxf3+ 0-1

[Event "XVI Festival Conca della Presolana A"]
[Site "Bratto - Castione della Presolana ITA"]
[Date "1996.08.27"]
[Round "6"]
[White "Drazic, Sinisa"]
[Black "Belakovskaia, Anjelina"]
[Result "1-0"]
[WhiteElo "2475"]
[BlackElo "2350"]
[PlyCount "99"]
[EventDate "1996.08.22"]

1. d4 Nf6 2. Nf3 g6 3. g3 Bg7 4. Bg2 O-O 5. O-O d6 6. Re1 Nc6 7. e4 e5 8. h3
Bd7 9. c3 b5 10. b3 a5 11. Bb2 Re8 12. d5 Ne7 13. c4 Rf8 14. c5 Ne8 15. c6 Bc8
16. Na3 Ba6 17. b4 a4 18. h4 h6 19. h5 Bc8 20. hxg6 fxg6 21. Nxb5 g5 22. Nh2
Ng6 23. Bc1 Qf6 24. Be3 Qf7 25. Rb1 Nh8 26. Bf3 Nf6 27. Nxc7 Qxc7 28. b5 Qf7
29. b6 Bh3 30. b7 Rab8 31. Qc2 Ne8 32. Qxa4 h5 33. Bxg5 Bg4 34. Re3 Qg6 35.
Bxg4 Qxg5 36. Be6+ Kh7 37. Nf3 Qd8 38. Qd1 Bh6 39. Rc3 Nc7 40. Bf5+ Kg7 41. Nh4
Qg5 42. a4 Kf6 43. Rb2 Rg8 44. Kh2 Ke7 45. a5 Qf6 46. Be6 Rg5 47. a6 Nxe6 48.
dxe6 Ng6 49. c7 Rg4 50. Qxd6+ 1-0

[Event "XVI Festival Conca della Presolana A"]
[Site "Bratto - Castione della Presolana ITA"]
[Date "1996.08.27"]
[Round "6"]
[White "Kojic, Tigran"]
[Black "Everet, Alexandro"]
[Result "1-0"]
[WhiteElo "2099"]
[BlackElo "2130"]
[PlyCount "107"]
[EventDate "1996.08.22"]

1. d4 d5 2. Nf3 g6 3. c4 c6 4. Nc3 Bg7 5. Bf4 Nf6 6. e3 Bg4 7. h3 Bxf3 8. Qxf3
e6 9. Bd3 Nbd7 10. cxd5 exd5 11. O-O O-O 12. g4 Re8 13. Rfe1 Qe7 14. e4 dxe4
15. Nxe4 Qb4 16. Bd2 Qb6 17. Bc4 Qxd4 18. Bxf7+ Kxf7 19. Bc3 Ne5 20. Ng5+ Kg8
21. Rxe5 Qxe5 22. Bxe5 Rxe5 23. h4 h6 24. Nh3 Nd5 25. Qd3 Re6 26. Qd2 Re4 27.
f3 Rb4 28. Re1 Rf8 29. Qd3 Nf4 30. Nxf4 Rbxf4 31. Kg2 R4f7 32. Re6 g5 33. hxg5
hxg5 34. Rg6 Rxf3 35. Qxf3 Rxf3 36. Kxf3 Kf7 37. Rxg5 Bxb2 38. Rf5+ Kg6 39. Kf4
b6 40. Rf8 Bc1+ 41. Kf3 c5 42. Ra8 Bd2 43. Rxa7 c4 44. Rc7 c3 45. Ke2 Kg5 46.
Rg7+ Kf6 47. Rb7 Kg5 48. Rxb6 Kxg4 49. Re6 Kf5 50. Re8 Kf6 51. Kd3 Kf7 52. Re4
Kf6 53. a4 Kf5 54. Re8 1-0

[Event "XVI Festival Conca della Presolana A"]
[Site "Bratto - Castione della Presolana ITA"]
[Date "1996.08.27"]
[Round "6"]
[White "Lovati, Paolo"]
[Black "Genocchio, Daniele"]
[Result "1-0"]
[WhiteElo "1981"]
[BlackElo "2131"]
[PlyCount "47"]
[EventDate "1996.08.22"]

1. Nf3 d5 2. g3 Bg4 3. Bg2 e6 4. O-O Bd6 5. d3 f5 6. c4 c6 7. Qb3 Qd7 8. Ng5
Nf6 9. Nxe6 Qxe6 10. Qxb7 O-O 11. cxd5 Nxd5 12. Qxa8 f4 13. Nc3 Nb4 14. Bxf4
Bxf4 15. gxf4 Qd7 16. a3 N8a6 17. Qxf8+ Kxf8 18. axb4 Nxb4 19. Ne4 Bxe2 20.
Rfc1 Nxd3 21. Nc5 Nxc5 22. Rxc5 Bb5 23. Re1 Qd2 24. Rf5+ 1-0

[Event "XVI Festival Conca della Presolana A"]
[Site "Bratto - Castione della Presolana ITA"]
[Date "1996.08.27"]
[Round "6"]
[White "Magalotti, Andrea"]
[Black "Menoni, Vincenzo"]
[Result "1/2-1/2"]
[WhiteElo "2100"]
[BlackElo "2245"]
[PlyCount "102"]
[EventDate "1996.08.22"]

1. e4 e6 2. d4 d5 3. Nd2 Nf6 4. e5 Nfd7 5. Bd3 c5 6. c3 Nc6 7. Ne2 cxd4 8. cxd4
f6 9. exf6 Nxf6 10. O-O Bd6 11. Nf3 Qc7 12. Bg5 O-O 13. Bh4 e5 14. dxe5 Nxe5
15. Nxe5 Bxe5 16. Bg3 Bxg3 17. hxg3 Qb6 18. Qb3 Bd7 19. Nf4 Qxb3 20. axb3 a6
21. Rfd1 Bc6 22. Bf5 Rfd8 23. Rd4 Rd6 24. Re1 g6 25. Bd3 Re8 26. Rxe8+ Bxe8 27.
b4 Bf7 28. f3 Ne8 29. g4 Nc7 30. g5 Rc6 31. Ne2 Rd6 32. Nf4 Rc6 33. Kf2 Kf8 34.
Ne2 Kg7 35. Nc3 Rd6 36. f4 Ne6 37. Rxd5 Rxd5 38. Nxd5 Nxg5 39. Nb6 Ne6 40. Ke3
Nd8 41. Kd4 Be8 42. g3 Bc6 43. Ke5 h5 44. Kd6 g5 45. Ke7 gxf4 46. gxf4 Nf7 47.
Bf1 Nh6 48. Bh3 Kg6 49. Nd7 Ng4 50. Nf8+ Kf5 51. Ne6 Bd5 1/2-1/2

[Event "XVI Festival Conca della Presolana A"]
[Site "Bratto - Castione della Presolana ITA"]
[Date "1996.08.27"]
[Round "6"]
[White "Marinescu, Marian"]
[Black "Alberton, Roberto"]
[Result "0-1"]
[WhiteElo "2130"]
[BlackElo "2075"]
[PlyCount "69"]
[EventDate "1996.08.22"]

1. d4 f5 2. g3 g6 3. Bg2 Bg7 4. Nf3 Nf6 5. O-O O-O 6. c4 d6 7. Nc3 Qe8 8. d5 a5
9. Nd4 Na6 10. Bg5 Nc5 11. Ncb5 Qd8 12. Qc1 e5 13. dxe6 c6 14. Nc3 Nxe6 15.
Nxe6 Bxe6 16. b3 Qc7 17. Rd1 Ng4 18. h3 Ne5 19. Qd2 Nf7 20. Be3 a4 21. Rac1
axb3 22. axb3 Qa5 23. Qd3 Rfd8 24. Na4 Ne5 25. Qc2 Nxc4 26. Bg5 Rd7 27. bxc4
Qxa4 28. Qd3 Bb2 29. Rc2 Be5 30. h4 d5 31. Qe3 Qxc2 32. Rd2 Qb1+ 33. Kh2 Qa1
34. f4 dxc4 35. Rxd7 $138 0-1

[Event "XVI Festival Conca della Presolana A"]
[Site "Bratto - Castione della Presolana ITA"]
[Date "1996.08.27"]
[Round "6"]
[White "Mione, Dario"]
[Black "Pantaleoni, Claudio"]
[Result "1-0"]
[WhiteElo "2149"]
[BlackElo "2235"]
[PlyCount "43"]
[EventDate "1996.08.22"]

1. e4 c5 2. b4 cxb4 3. d4 d5 4. exd5 Nf6 5. c4 bxc3 6. Qa4+ Bd7 7. Qb3 Qa5 8.
Nxc3 Nxd5 9. Bd2 Nxc3 10. Bc4 Qf5 11. Bxc3 Nc6 12. Nf3 e6 13. O-O Be7 14. d5
exd5 15. Bxd5 O-O 16. Rfe1 Rab8 17. Rad1 Rfd8 18. Be4 Qf4 19. Bxc6 Bxc6 20.
Rxe7 Bxf3 21. Rde1 Bc6 22. Be5 1-0

[Event "XVI Festival Conca della Presolana A"]
[Site "Bratto - Castione della Presolana ITA"]
[Date "1996.08.27"]
[Round "6"]
[White "Nurkic, Sahbaz"]
[Black "Bresciani, Nicola"]
[Result "1-0"]
[WhiteElo "2405"]
[BlackElo "2320"]
[PlyCount "53"]
[EventDate "1996.08.22"]

1. e4 c5 2. c3 d5 3. exd5 Qxd5 4. d4 e6 5. Nf3 Nf6 6. Bd3 Be7 7. O-O O-O 8. Re1
Rd8 9. Qe2 cxd4 10. cxd4 Nc6 11. Be3 Ng4 12. Nc3 Qh5 13. h3 Nxe3 14. Qxe3 Bd7
15. Rad1 Nb4 16. Ne5 Nxd3 17. Rxd3 Bf6 18. Qd2 Be8 19. Ng4 Bc6 20. Nxf6+ gxf6
21. Qf4 Qf5 22. Rg3+ Kf8 23. Qh4 Ke7 24. d5 Bxd5 25. Qb4+ Kd7 26. Nb5 Qf4 27.
Qxf4 1-0

[Event "XVI Festival Conca della Presolana A"]
[Site "Bratto - Castione della Presolana ITA"]
[Date "1996.08.27"]
[Round "6"]
[White "Oppici, Gabriele"]
[Black "Dinser, Hans"]
[Result "1-0"]
[WhiteElo "2055"]
[BlackElo "2165"]
[PlyCount "129"]
[EventDate "1996.08.22"]

1. Nc3 Nf6 2. e4 e5 3. Nf3 Nc6 4. d4 exd4 5. Nxd4 Nxd4 6. Qxd4 d6 7. Bg5 Be7 8.
O-O-O O-O 9. Be2 a6 10. Rhe1 b5 11. e5 Ne8 12. Bxe7 Qxe7 13. Bd3 Bb7 14. Nd5
Bxd5 15. Qxd5 Rb8 16. Qe4 g6 17. f4 Ng7 18. Qf3 dxe5 19. Rxe5 Qd6 20. Rde1 Rbd8
21. g3 Qb6 22. Kb1 c5 23. Qf2 Rd4 24. R5e4 Rfd8 25. Rxd4 Rxd4 26. Qf3 Qd8 27.
Re4 h6 28. b3 c4 29. bxc4 bxc4 30. Bxc4 Rd1+ 31. Kb2 Qf6+ 32. Re5 Qb6+ 33. Qb3
Qd4+ 34. Ka3 Qd6+ 35. Qb4 Qc7 36. Re7 Rd7 37. Bxf7+ Kh7 38. Rxd7 Qxd7 39. Bb3
Nf5 40. Qf8 Ne7 41. Qf7+ Kh8 42. Qf6+ Kh7 43. g4 Qc7 44. h4 a5 45. h5 gxh5 46.
g5 hxg5 47. fxg5 Ng6 48. Qf7+ Qxf7 49. Bxf7 h4 50. Bd5 Kg7 51. Ka4 Nf4 52. Be4
Ne6 53. Kxa5 Nxg5 54. Bh1 Kf6 55. Kb6 Ke7 56. a4 Kd6 57. a5 Ne6 58. a6 h3 59.
a7 Nc7 60. c4 h2 61. c5+ Kd7 62. a8=Q Nxa8+ 63. Bxa8 Kc8 64. Bh1 Kb8 65. c6 1-0

[Event "XVI Festival Conca della Presolana A"]
[Site "Bratto - Castione della Presolana ITA"]
[Date "1996.08.27"]
[Round "6"]
[White "Pegoraro, Nicola"]
[Black "Campini, Marco"]
[Result "0-1"]
[WhiteElo "2034"]
[BlackElo "2123"]
[PlyCount "76"]
[EventDate "1996.08.22"]

1. e4 c5 2. Nf3 d6 3. d4 cxd4 4. Nxd4 Nf6 5. Nc3 a6 6. Bg5 e6 7. f4 Qc7 8. Qf3
Be7 9. O-O-O Nbd7 10. g4 b5 11. Bxf6 gxf6 12. f5 Ne5 13. Qh3 b4 14. Nce2 exf5
15. gxf5 Bb7 16. Bg2 Rc8 17. Nf4 Qa5 18. Kb1 Rc4 19. Nd5 Qc5 20. Nb3 Qa7 21.
Na5 Bxd5 22. exd5 Rc5 23. Nc6 Qb6 24. Rhe1 a5 25. Bh1 a4 26. a3 bxa3 27. Qxa3
Rb5 28. Re4 Nxc6 29. dxc6 Re5 30. Qxa4 O-O 31. Rxe5 dxe5 32. Be4 Rb8 33. b4
Bxb4 34. h4 h6 35. Bh1 Rc8 36. Be4 Rc7 37. Bh1 Ra7 38. Qxa7 Qxa7 0-1

[Event "XVI Festival Conca della Presolana A"]
[Site "Bratto - Castione della Presolana ITA"]
[Date "1996.08.27"]
[Round "6"]
[White "Profumo, Alberto"]
[Black "Hugony, Fabrizio"]
[Result "1-0"]
[WhiteElo "2163"]
[BlackElo "2270"]
[PlyCount "87"]
[EventDate "1996.08.22"]

1. Nf3 g6 2. d4 c5 3. g3 Bg7 4. Bg2 Nc6 5. d5 Nd4 6. Nxd4 cxd4 7. O-O e5 8.
dxe6 dxe6 9. c3 Ne7 10. cxd4 Qxd4 11. Qb3 Nc6 12. Nc3 Qb6 13. Qxb6 axb6 14. Be3
Ra6 15. Rac1 Ke7 16. a3 Bd7 17. Rfd1 Rd8 18. Bg5+ f6 19. Bf4 Be8 20. Rxd8 Nxd8
21. Rd1 Bc6 22. Bd6+ Ke8 23. Bc7 Nf7 24. e4 f5 25. Bf1 b5 26. Nxb5 Bxb2 27.
exf5 exf5 28. Nd6+ Nxd6 29. Bxa6 Ne4 30. Rb1 Bxa3 31. Bxb7 Bxb7 32. Rxb7 Bc5
33. Bb6 Bxb6 34. Rxb6 Kf7 35. f3 Ng5 36. Kf2 h6 37. Ke3 Ne6 38. Kd3 Ng5 39. f4
Nf3 40. h3 Ne1+ 41. Kd2 Nf3+ 42. Ke3 Ng1 43. Rb1 Nxh3 44. Rh1 1-0

[Event "XVI Festival Conca della Presolana A"]
[Site "Bratto - Castione della Presolana ITA"]
[Date "1996.08.27"]
[Round "6"]
[White "Rizzuti, Pasquale"]
[Black "Di Lazzaro, Gabriele"]
[Result "0-1"]
[WhiteElo "1774"]
[BlackElo "2095"]
[PlyCount "130"]
[EventDate "1996.08.22"]

1. e4 g6 2. d4 Bg7 3. Be3 c5 4. f4 Qb6 5. e5 Qxb2 6. Nd2 cxd4 7. Rb1 Qxa2 8.
Bc4 Qa5 9. Bxd4 Nc6 10. Be3 Nh6 11. Ngf3 Nf5 12. Bf2 h5 13. O-O O-O 14. Ne4 Qc7
15. Ba2 b6 16. Nfg5 Nd8 17. Rb3 Ne6 18. Rc3 Qb8 19. g4 hxg4 20. Qxg4 Bb7 21.
Nxe6 dxe6 22. Ng5 Bd5 23. Bxd5 exd5 24. h4 Rc8 25. Rh3 Rxc2 26. h5 Nh6 27. Qd1
Qc8 28. Rg3 Qc6 29. hxg6 fxg6 30. Nf3 Nf5 31. Rg5 Rc8 32. Rxf5 gxf5 33. Ng5
Rxf2 34. Kxf2 Qc2+ 35. Kg3 Rc3+ 36. Nf3 Qxd1 37. Rxd1 e6 38. Ra1 a5 39. Rb1 Bf8
40. Rxb6 Kf7 41. Kg2 Bh6 42. Ra6 Bxf4 43. Ra7+ Ke8 44. Ra6 Kd7 45. Ra7+ Kd8 46.
Ra6 Kd7 47. Ra7+ Rc7 48. Rxa5 Rc6 49. Ra7+ Rc7 50. Ra6 Rc2+ 51. Kf1 Be3 52. Nh4
f4 53. Rd6+ Ke7 54. Ng6+ Kf7 55. Nh4 Rh2 56. Ng2 d4 57. Nxf4 Bxf4 58. Rxd4 Bxe5
59. Rd7+ Kf6 60. Kg1 Ra2 61. Kh1 Kg5 62. Rd8 Bf6 63. Rc8 e5 64. Rc4 e4 65. Rd4
Rh2+ 0-1

[Event "XVI Festival Conca della Presolana A"]
[Site "Bratto - Castione della Presolana ITA"]
[Date "1996.08.27"]
[Round "6"]
[White "Rossi, Giampiero"]
[Black "Bancod, Ronald"]
[Result "0-1"]
[WhiteElo "2105"]
[BlackElo "2400"]
[PlyCount "44"]
[EventDate "1996.08.22"]

1. d4 Nf6 2. c4 c5 3. dxc5 Qa5+ 4. Nc3 Qxc5 5. e4 d6 6. Be3 Qa5 7. f3 g6 8. Qd2
Bg7 9. Nge2 Nc6 10. Nd4 O-O 11. Be2 Nxd4 12. Bxd4 Be6 13. O-O Rfc8 14. b3 b5
15. cxb5 Nxe4 16. fxe4 Bxd4+ 17. Qxd4 Rxc3 18. Rf2 Rac8 19. Bd1 Rc1 20. Rxc1
Rxc1 21. Rd2 Bg4 22. h3 Qxd2 0-1

[Event "XVI Festival Conca della Presolana A"]
[Site "Bratto - Castione della Presolana ITA"]
[Date "1996.08.27"]
[Round "6"]
[White "Salami, Marco"]
[Black "Mantovani, Renzo"]
[Result "0-1"]
[WhiteElo "2245"]
[BlackElo "2360"]
[PlyCount "50"]
[EventDate "1996.08.22"]

1. e4 c5 2. Ne2 d6 3. Nbc3 e6 4. g3 Nc6 5. Bg2 Be7 6. O-O Bf6 7. d3 Nge7 8. Be3
O-O 9. d4 cxd4 10. Nxd4 a6 11. f4 Qc7 12. Nf3 b5 13. e5 dxe5 14. fxe5 Bxe5 15.
Nxe5 Qxe5 16. Bf4 Qc5+ 17. Kh1 Bb7 18. Ne4 Qb6 19. Bd6 Rad8 20. Qh5 h6 21. Rf6
Rxd6 22. Rxh6 gxh6 23. Qxh6 f6 24. Nxd6 Ne5 25. Nxb7 Ng4 0-1

[Event "XVI Festival Conca della Presolana A"]
[Site "Bratto - Castione della Presolana ITA"]
[Date "1996.08.27"]
[Round "6"]
[White "Vita, Fabrizio"]
[Black "Piva, Giorgio"]
[Result "1/2-1/2"]
[WhiteElo "2013"]
[BlackElo "2170"]
[PlyCount "65"]
[EventDate "1996.08.22"]

1. c4 c6 2. Nf3 d5 3. g3 Nf6 4. Bg2 Bg4 5. d4 Nbd7 6. Nbd2 e6 7. O-O Bd6 8. b3
O-O 9. Bb2 Qe7 10. Ne5 Bf5 11. e3 Rad8 12. Qe2 Ba3 13. Ndf3 Be4 14. Rfd1 Nxe5
15. Nxe5 Bxg2 16. Kxg2 Bd6 17. Nf3 Ne4 18. Nd2 f5 19. f3 Nxd2 20. Rxd2 e5 21.
cxd5 cxd5 22. dxe5 Bxe5 23. Bxe5 Qxe5 24. Rad1 Rfe8 25. Kf2 Rd6 26. Qd3 Kf7 27.
Qd4 Qxd4 28. Rxd4 Red8 29. h4 g6 30. Rc1 Ke6 31. Ke2 R8d7 32. Rc8 Rd8 33. Rc7
1/2-1/2

[Event "XVI Festival Conca della Presolana A"]
[Site "Bratto - Castione della Presolana ITA"]
[Date "1996.08.28"]
[Round "7"]
[White "Alberton, Roberto"]
[Black "Caruso, Daniele"]
[Result "1-0"]
[WhiteElo "2075"]
[BlackElo "2155"]
[PlyCount "114"]
[EventDate "1996.08.22"]

1. e4 e6 2. d4 d5 3. Nd2 Nf6 4. e5 Nfd7 5. Bd3 c5 6. c3 Nc6 7. Ne2 cxd4 8. cxd4
f6 9. exf6 Nxf6 10. Nf3 Bd6 11. O-O Qc7 12. g3 O-O 13. Bf4 Nh5 14. Bxd6 Qxd6
15. Nc3 g6 16. Ng5 Qe7 17. f4 Ng7 18. Nf3 Qb4 19. Qb3 Qxb3 20. axb3 Nb4 21. Bb1
Bd7 22. Ne5 Be8 23. Rc1 Nc6 24. Nxc6 Bxc6 25. Bd3 a6 26. Ra5 Rac8 27. Na2 Nf5
28. Bxf5 gxf5 29. Rac5 Kf7 30. Nb4 Bd7 31. Rc7 Ke7 32. Nd3 Kd6 33. Rxb7 Rxc1+
34. Nxc1 Bb5 35. Na2 Rc8 36. Nc3 Bd7 37. Rb6+ Rc6 38. Rxc6+ Kxc6 39. Na4 Kd6
40. Nc5 Bb5 41. Kf2 Ke7 42. Ke3 Kf6 43. Kd2 Ke7 44. Kc3 Kf6 45. Kb4 Be2 46. Ka5
h6 47. Nxa6 Kg6 48. b4 Kh5 49. b5 Bxb5 50. Kxb5 Kg4 51. Kc5 Kh3 52. b4 Kxh2 53.
b5 Kxg3 54. b6 h5 55. b7 h4 56. b8=Q h3 57. Qg8+ Kf2 1-0

[Event "XVI Festival Conca della Presolana A"]
[Site "Bratto - Castione della Presolana ITA"]
[Date "1996.08.28"]
[Round "7"]
[White "Bancod, Ronald"]
[Black "Nurkic, Sahbaz"]
[Result "0-1"]
[WhiteElo "2400"]
[BlackElo "2405"]
[PlyCount "168"]
[EventDate "1996.08.22"]

1. g3 g6 2. Bg2 Bg7 3. c4 c5 4. Nc3 Nc6 5. a3 Nf6 6. Rb1 O-O 7. b4 cxb4 8. axb4
a5 9. b5 Nb4 10. Qb3 d5 11. cxd5 e6 12. Ba3 exd5 13. Bxb4 axb4 14. Nxd5 Nxd5
15. Qxd5 Qa5 16. Nf3 Be6 17. Qxb7 Ba2 18. O-O Bxb1 19. Rxb1 Rab8 20. Qa6 Qxb5
21. Qxb5 Rxb5 22. e3 b3 23. d4 b2 24. Bf1 Rc8 25. Nd2 Rb4 26. Nc4 Rbxc4 27.
Bxc4 Rxc4 28. Rxb2 Bf8 29. Kg2 Kg7 30. Kf3 h5 31. h3 Rc1 32. h4 Ba3 33. Rb7 Rc2
34. Rb1 Bb2 35. Rd1 f5 36. Rd3 Bc3 37. Rd1 Kf6 38. Rf1 Bb2 39. Kf4 Bc1 40. Kf3
Ke6 41. Kf4 Kd5 42. Kg5 Rc6 43. Rd1 Ba3 44. Kf4 Rc2 45. Rf1 Bc1 46. Kg5 Rc6 47.
Rd1 Ba3 48. Kf4 Bd6+ 49. Kf3 Rc2 50. Rb1 Kc6 51. Rb3 Bc7 52. Rb1 Ba5 53. Rf1
Kd5 54. Kf4 Ke6 55. Kg5 Kf7 56. Kf4 Kf6 57. Kf3 Bc3 58. Rb1 Bb2 59. Rd1 Rc1 60.
Rd2 Bc3 61. Ra2 Ra1 62. Rc2 Ra3 63. Kf4 Ke6 64. Kg5 Kf7 65. Re2 Ra5 66. Kf4 Kf6
67. Kf3 g5 68. hxg5+ Kxg5 69. Rc2 Ra3 70. Re2 Bxd4 71. Rd2 Bc3 72. Rd3 Bb4 73.
Rxa3 Bxa3 74. Kg2 Bc5 75. Kh3 Bb6 76. Kh2 h4 77. Kh3 hxg3 78. Kxg3 Kf6 79. Kh4
Ke5 80. Kg5 Bd8+ 81. Kg6 Bh4 82. f3 Bf2 83. e4 f4 84. Kg5 Bb6 0-1

[Event "XVI Festival Conca della Presolana A"]
[Site "Bratto - Castione della Presolana ITA"]
[Date "1996.08.28"]
[Round "7"]
[White "Belakovskaia, Anjelina"]
[Black "Mione, Dario"]
[Result "1/2-1/2"]
[WhiteElo "2350"]
[BlackElo "2149"]
[PlyCount "33"]
[EventDate "1996.08.22"]

1. Nf3 d5 2. g3 Nf6 3. Bg2 c6 4. O-O g6 5. d4 Bg7 6. c4 O-O 7. Nc3 Ne4 8. cxd5
cxd5 9. Nxe4 dxe4 10. Ne5 Nd7 11. f4 exf3 12. Nxf3 Qb6 13. Kh1 Nf6 14. Qb3 Be6
15. Qa3 Bd5 16. Bd2 e5 17. Qc5 1/2-1/2

[Event "XVI Festival Conca della Presolana A"]
[Site "Bratto - Castione della Presolana ITA"]
[Date "1996.08.28"]
[Round "7"]
[White "Bossi, Alessandro"]
[Black "Pegoraro, Nicola"]
[Result "1-0"]
[WhiteElo "2009"]
[BlackElo "2034"]
[PlyCount "109"]
[EventDate "1996.08.22"]

1. e4 c5 2. Nf3 d6 3. d4 cxd4 4. Qxd4 Nc6 5. Bb5 Bd7 6. Bxc6 Bxc6 7. Nc3 Nf6 8.
Bg5 e6 9. O-O-O Be7 10. Rhe1 O-O 11. Qd2 h6 12. Bh4 Qc7 13. Kb1 Rfd8 14. Bg3
Nh5 15. Nd4 Nxg3 16. hxg3 Be8 17. Qe2 a6 18. Qg4 Bf6 19. f4 Qc5 20. e5 dxe5 21.
fxe5 Bxe5 22. Nxe6 Rxd1+ 23. Nxd1 fxe6 24. Qxe6+ Bf7 25. Qxe5 Qxe5 26. Rxe5 Rd8
27. Kc1 Bd5 28. Ne3 Bc6 29. b3 Rf8 30. Kd2 Rd8+ 31. Ke2 Kf7 32. Rf5+ Ke6 33.
Rf4 g6 34. a4 Re8 35. c3 Kd6 36. Rh4 h5 37. Kf2 Rf8+ 38. Rf4 Re8 39. Rf6+ Re6
40. Rxe6+ Kxe6 41. Nc2 Ke5 42. Nd4 Be4 43. Nf3+ Kf6 44. a5 g5 45. Ke3 Bc6 46.
c4 g4 47. Ne1 Ke5 48. b4 Kf5 49. Kd4 Kg5 50. Ke5 Kh6 51. Kf6 Be4 52. b5 axb5
53. cxb5 Bd5 54. Ke5 Bc4 55. a6 1-0

[Event "XVI Festival Conca della Presolana A"]
[Site "Bratto - Castione della Presolana ITA"]
[Date "1996.08.28"]
[Round "7"]
[White "Bresciani, Nicola"]
[Black "Cugini, Verter"]
[Result "1-0"]
[WhiteElo "2320"]
[BlackElo "2255"]
[PlyCount "97"]
[EventDate "1996.08.22"]

1. e4 e6 2. d4 d5 3. Nd2 Nf6 4. e5 Ne4 5. Bd3 Nxd2 6. Bxd2 c5 7. dxc5 Nd7 8.
Nf3 Nxc5 9. O-O Be7 10. Bc3 Bd7 11. Bd4 Nxd3 12. cxd3 O-O 13. Qd2 a5 14. Qe3
Ra6 15. Rfc1 Qb8 16. Bc5 Bxc5 17. Rxc5 Rc8 18. Rac1 Rac6 19. h3 h6 20. a3 b6
21. Rxc6 Rxc6 22. Rxc6 Bxc6 23. Nd4 Bd7 24. f4 Qc7 25. Qd2 Bc8 26. Kf2 Ba6 27.
Ke3 g5 28. g3 Qe7 29. Qf2 gxf4+ 30. gxf4 Kf8 31. Kd2 Qc5 32. Qg1 Qc7 33. Qg3
Qc5 34. Qe3 Ke8 35. Nf3 Qb5 36. Qd4 Qb3 37. Qc3 Qxc3+ 38. Kxc3 Ke7 39. Nh2 f5
40. Nf3 Bb5 41. Nd4 Bd7 42. b4 axb4+ 43. Kxb4 Be8 44. a4 Bh5 45. Kb5 Bd1 46.
Kxb6 Bxa4 47. Kc7 Bd7 48. Nc6+ Ke8 49. d4 1-0

[Event "XVI Festival Conca della Presolana A"]
[Site "Bratto - Castione della Presolana ITA"]
[Date "1996.08.28"]
[Round "7"]
[White "Campini, Marco"]
[Black "Ciolac, Gheorghe"]
[Result "1-0"]
[WhiteElo "2123"]
[BlackElo "2405"]
[PlyCount "55"]
[EventDate "1996.08.22"]

1. e4 e5 2. Nf3 Nc6 3. Nc3 Nf6 4. d4 exd4 5. Nxd4 Bb4 6. Nxc6 bxc6 7. Bd3 d5 8.
e5 Ng4 9. O-O Be6 10. Qe2 Qh4 11. Bf4 h5 12. Qf3 Qe7 13. Qe2 a5 14. Na4 Qd8 15.
c3 Bf8 16. f3 g5 17. Bd2 Nh6 18. Be3 Nf5 19. Bf2 g4 20. f4 h4 21. Qxg4 Qd7 22.
Qf3 Rb8 23. b3 Rg8 24. Qh5 h3 25. Qxh3 Ng3 26. Qh7 Rg7 27. Qh8 Nxf1 28. Bc5 1-0

[Event "XVI Festival Conca della Presolana A"]
[Site "Bratto - Castione della Presolana ITA"]
[Date "1996.08.28"]
[Round "7"]
[White "Di Lazzaro, Gabriele"]
[Black "Marinescu, Marian"]
[Result "1/2-1/2"]
[WhiteElo "2095"]
[BlackElo "2130"]
[PlyCount "105"]
[EventDate "1996.08.22"]

1. Nf3 Nf6 2. g3 g6 3. b3 Bg7 4. Bb2 O-O 5. Bg2 d5 6. c4 c6 7. O-O Bf5 8. d3
Qc8 9. Re1 Bh3 10. Bh1 h6 11. Nbd2 Na6 12. a3 Qd8 13. Qc2 Nc7 14. Rad1 Ne6 15.
e3 Re8 16. b4 a5 17. Bc3 Ng4 18. Bxg7 Nxg7 19. e4 axb4 20. axb4 dxe4 21. Nxe4
Nf5 22. Qb2 e5 23. Nc5 b6 24. Ne4 Nd4 25. Nxd4 exd4 26. b5 c5 27. Nd2 Ra7 28.
Bc6 Ree7 29. Nf3 Qd6 30. Qd2 Kg7 31. Re4 Rxe4 32. Bxe4 Ne5 33. Nxe5 Qxe5 34.
Re1 Re7 35. f4 Qe6 36. Kf2 f5 37. Bd5 Qxe1+ 38. Qxe1 Rxe1 39. Kxe1 g5 40. fxg5
hxg5 41. Kf2 Kf6 42. Bg2 Bg4 43. Bf3 Bxf3 44. Kxf3 g4+ 45. Kf4 Ke6 46. Kg5 Ke5
47. Kh5 Kf6 48. Kh4 Kg6 49. h3 gxh3 50. Kxh3 Kg5 51. Kh2 Kh5 52. Kh3 Kg5 53.
Kh2 1/2-1/2

[Event "XVI Festival Conca della Presolana A"]
[Site "Bratto - Castione della Presolana ITA"]
[Date "1996.08.28"]
[Round "7"]
[White "Dinser, Hans"]
[Black "Castaldo, Folco"]
[Result "1/2-1/2"]
[WhiteElo "2165"]
[BlackElo "1987"]
[PlyCount "44"]
[EventDate "1996.08.22"]

1. d4 g6 2. c4 Bg7 3. Nf3 d6 4. g3 e5 5. dxe5 dxe5 6. Qxd8+ Kxd8 7. Nc3 f6 8.
Bg2 c6 9. Be3 Na6 10. a3 Be6 11. Nd2 Bh6 12. Bxh6 Nxh6 13. b4 Rc8 14. h4 Nf5
15. e3 h5 16. Nce4 Ke7 17. Bf1 Rhd8 18. Be2 Rc7 19. c5 Rcd7 20. Bc4 Bd5 21. Ke2
Nc7 22. Rhd1 Ke6 1/2-1/2